000 00589nam a22002057a 4500
001 31269
003 BD-RjUL
005 20211209051659.0
008 140415r1960 ii 000 0 eng d
035 _a(BD-RjUL)31356
040 _aBD-RjUL
_beng
_cBD-RjUL
041 _aeng
082 _a294.108
_bMAS 1960
100 1 _aMaurus, J.
_995160
245 _aSomething to think of :
_b a collection of quotations from the vedas to the present day /
_cby J. Maurus.
260 _aBombay :
_bAllahabad,
_c1960.
300 _a148 p. ;
_c17 cm.
650 0 _aHandicraft.
_995161
942 _2ddc
_cBK
999 _c31269
_d31269